000 00540nam a2200169 i 4500
001 57208
003 ES-MaACL
007 t|
008 031015m19481949sp ||||1| spa d
245 0 0 _aDocumentos para la historia de audiencia de Quito /
_cinvestigación y compilación por José Rumazo.
260 _a[Madrid] :
_bAfrodisio Aguado,
_c[1948-49]
300 _a6 v. ;
_c22 cm.
500 _aFalta el tomo V.
505 8 _aContiene: T. I-VII.: Pedro Vicente Maldonado
700 1 _aRumazo, José.
_9100987
852 _aES-MaACL
_jE-3459-64
999 _c57208
_d57208